| 000 | 00803nam a22002057a 4500 | ||
|---|---|---|---|
| 999 |
_c18378 _d18378 |
||
| 003 | AR-CdUCM | ||
| 008 | 190513b ||||| |||| 00| 0 spa d | ||
| 040 |
_aMUNICIPALIDAD PROVINCIAL DEL CUSCO _cBIBLIOTECA MUNICIPAL DEL CUSCO |
||
| 082 |
_a624 / _bM27 |
||
| 100 |
_aMassonnet, Ch. _938809 |
||
| 245 |
_aCalculo plástico de las construcciones : _bEstructuras Planas / |
||
| 260 |
_aBarcelona : _bMontaner y Simon, _c1966. |
||
| 300 |
_a398 paginas : _c22 cm. |
||
| 505 | _aContenido :Flexión plástica --Calculo de la carga de rotura plástica de estructuras hiperoestáticas simples --Métodos generales de determinación de la carga limite ... | ||
| 650 |
_aPlástico _928827 |
||
| 650 |
_aDeterminación _938924 |
||
| 650 |
_aUniones _938925 |
||
| 942 |
_2ddc _cLIBROS |
||
| 945 |
_arjall _d2019-05-13 |
||